[Event "MTN-ch"]
[Site "Nouakchott"]
[Date "2017.12.25"]
[Round "3"]
[White "Sidi, Mbareck Mohamed"]
[Black "Ahmed El Bechir, Mohamedou"]
[Result "1-0"]
[WhiteElo "1930"]
[BlackElo "1824"]
[PlyCount "20"]
[EventDate "2017.12.23"]
[EventType "tourn"]
[EventRounds "9"]
[EventCountry "MAU"]
[SourceTitle "CBM 182 Extra"]
[Source "ChessBase"]
[SourceDate "2018.02.23"]
[SourceVersion "1"]
[SourceVersionDate "2018.02.23"]
[SourceQuality "1"]

1. g3 c6 2. Bg2 d5 3. Nf3 Bf5 4. 0-0 h5 5. d4 h4 6. Nxh4 g6 7. Nc3 Nf6 8. Re1 e5 9. e4 dxe4 10. Nxe4 Nxe4 1-0

[Event "MTN-ch"]
[Site "Nouakchott"]
[Date "2017.12.24"]
[Round "2"]
[White "Ahmed El Bechir, Mohamedou"]
[Black "Hemam, Moulaye Brahim"]
[Result "0-1"]
[WhiteElo "1824"]
[BlackElo "2055"]
[PlyCount "48"]
[EventDate "2017.12.23"]
[EventType "tourn"]
[EventRounds "9"]
[EventCountry "MAU"]
[SourceTitle "CBM 182 Extra"]
[Source "ChessBase"]
[SourceDate "2018.02.23"]
[SourceVersion "1"]
[SourceVersionDate "2018.02.23"]
[SourceQuality "1"]

1. e4 c5 2. d4 cxd4 3. c3 Nc6 4. cxd4 d5 5. e5 Bf5 6. g4 Bg6 7. h4 h5 8. e6 fxe6 9. Bd3 Bxd3 10. Qxd3 hxg4 11. Qg6+ Kd7 12. Nd2 Nf6 13. Nb3 Qb6 14. Be3 e5 15. 0-0-0 exd4 16. Nxd4 Nxd4 17. Bxd4 Qe6 18. Qd3 Qc6+ 19. Kb1 e6 20. Qg6 Rh6 21. Qf7+ Be7 22. Qxg7 Rh7 23. Qg5 Rh5 24. Qe3 Rf5 0-1

[Event "Arab Clubs-chT"]
[Site "Agadir"]
[Date "2015.10.17"]
[Round "5.2"]
[White "Sabar, Ethmane Daouda"]
[Black "Ahmed El Bechir, Mohamedou"]
[Result "0-1"]
[WhiteElo "2012"]
[BlackElo "1772"]
[PlyCount "38"]
[EventDate "2015.10.13"]
[EventType "team-swiss"]
[EventRounds "9"]
[EventCountry "MAR"]
[SourceTitle "CBM 170 Extra"]
[Source "ChessBase"]
[SourceDate "2016.02.25"]
[SourceVersion "1"]
[SourceVersionDate "2016.02.25"]
[SourceQuality "1"]
[WhiteTeam "Teyarett"]
[BlackTeam "Tevragh Zeina"]
[WhiteTeamCountry "MAU"]
[BlackTeamCountry "MAU"]

1. d4 c6 2. Nf3 g6 3. g3 Bg7 4. Bg2 d6 5. 0-0 h5 6. h4 Nh6 7. c4 Bg4 8. Qb3 Qc7 9. Rd1 Nd7 10. Nc3 Qb6 11. Bxh6 Bxh6 12. Nh2 Bg7 13. Qxb6 Nxb6 14. Nxg4 hxg4 15. b3 f5 16. Rac1 Nd7 17. e3 Bf6 18. Rf1 g5 19. hxg5 Bxg5 0-1

[Event "Nouadhibou Independence op"]
[Site "Nouadhibou"]
[Date "2014.11.28"]
[Round "4"]
[White "Baya, Ahmed"]
[Black "Ahmed El Bechir, Mohamedou"]
[Result "0-1"]
[WhiteElo "1728"]
[BlackElo "1802"]
[PlyCount "70"]
[EventDate "2014.11.27"]
[EventType "swiss"]
[EventRounds "9"]
[EventCountry "MAU"]
[SourceTitle "CBM 163 Extra"]
[Source "ChessBase"]
[SourceDate "2014.12.23"]
[SourceVersion "1"]
[SourceVersionDate "2014.12.23"]
[SourceQuality "1"]

1. e4 e6 2. d4 d5 3. e5 c5 4. c3 Nc6 5. Nf3 Bd7 6. Bd3 cxd4 7. cxd4 Be7 8. Bc2 Nb4 9. 0-0 Nxc2 10. Qxc2 f5 11. a4 Rc8 12. Qe2 Bb4 13. Na3 Ne7 14. Bg5 0-0 15. Nb5 Qb6 16. Bd2 Bxd2 17. Nxd2 Bxb5 18. axb5 Qxd4 19. Rfd1 Qxb2 20. h3 Rc2 21. Qe1 Qxb5 22. Rdb1 Rb2 23. Rxa7 Rxb1 24. Nxb1 d4 25. Ra1 Qd5 26. f4 d3 27. Nd2 Qd4+ 28. Kh1 Nd5 29. g3 Ne3 30. Qg1 Rc8 31. Re1 Qd5+ 32. Kh2 Nc4 33. Rd1 Nxd2 34. Rxd2 Rc2 35. Qf2 Qa2 0-1

[Event "MTN Selection"]
[Site "Nouakchott"]
[Date "2014.03.23"]
[Round "8"]
[White "Boydia, Sidi"]
[Black "Ahmed El Bechir, Mohamedou"]
[Result "0-1"]
[WhiteElo "2063"]
[BlackElo "1804"]
[PlyCount "106"]
[EventDate "2014.03.18"]
[EventType "tourn"]
[EventRounds "9"]
[EventCountry "MAU"]
[SourceTitle "EXT 2018"]
[Source "ChessBase"]
[SourceDate "2017.10.13"]
[SourceVersion "1"]
[SourceVersionDate "2017.10.13"]
[SourceQuality "1"]

1. e4 e6 2. d4 d5 3. Nd2 Nf6 4. Bd3 c5 5. e5 Nfd7 6. c3 Nc6 7. Ndf3 cxd4 8. cxd4 f6 9. Ng5 Bb4+ 10. Kf1 fxg5 11. Qh5+ Kf8 12. Nf3 Qe8 13. Qg4 h5 14. Qxg5 Be7 15. Qg3 h4 16. Qg4 Qh5 17. Qf4+ Ke8 18. h3 Rf8 19. Qd2 Rxf3 20. gxf3 Qxf3 21. Rh2 b6 22. Qc3 Qd1+ 23. Kg2 Bb7 24. Rh1 Qa4 25. Be3 Ncxe5 26. Rhc1 Bb4 27. Qc2 Qxc2 28. Bxc2 Nc6 29. Bg6+ Kf8 30. Rc2 e5 31. Bf5 Nf6 32. dxe5 Nxe5 33. f4 d4+ 34. Kf1 Ba6+ 35. Kg2 Bb7+ 36. Kf1 Ba6+ 37. Kg2 Nd5 38. Bxd4 Nxf4+ 39. Kh2 Nf3+ 40. Kh1 Nxd4 41. Rf2 Bb7+ 42. Kg1 Nf3+ 43. Rxf3 Bxf3 44. Rf1 Bc5+ 45. Kh2 Bc6 46. Be4 Bd6 47. Bxc6 Rc8 48. Be4 Rc1 49. Rf2 Ke7 50. Rd2 Re1 51. Bf3 Re3 52. Bg4 Nxh3+ 53. Kg2 Rg3+ 0-1

[Event "MTN Selection"]
[Site "Nouakchott"]
[Date "2014.03.21"]
[Round "4"]
[White "Ahmed El Bechir, Mohamedou"]
[Black "Sabar, Ethmane Daouda"]
[Result "1/2-1/2"]
[WhiteElo "1804"]
[BlackElo "1993"]
[PlyCount "107"]
[EventDate "2014.03.18"]
[EventType "tourn"]
[EventRounds "9"]
[EventCountry "MAU"]
[SourceTitle "EXT 2018"]
[Source "ChessBase"]
[SourceDate "2017.10.13"]
[SourceVersion "1"]
[SourceVersionDate "2017.10.13"]
[SourceQuality "1"]

1. e4 c5 2. Nf3 Nc6 3. d4 cxd4 4. Nxd4 Nf6 5. Nc3 e5 6. Ndb5 d6 7. Bg5 a6 8. Na3 b5 9. Nd5 Be7 10. Bxf6 Bxf6 11. c3 0-0 12. Bd3 Be6 13. Nc2 Bxd5 14. exd5 Ne7 15. 0-0 g6 16. a4 bxa4 17. Qf3 Bg7 18. Rxa4 f5 19. Bc4 Qb6 20. Rb4 Qc7 21. Ra1 a5 22. Rba4 Rfb8 23. b3 Nc8 24. R4a3 Nb6 25. Qe2 Kf8 26. g4 a4 27. gxf5 gxf5 28. Qh5 axb3 29. Qxf5+ Kg8 30. Bxb3 Qxc3 31. Qe6+ Kh8 32. Qxd6 Qc8 33. Ne3 e4 34. Rxa8 Nxa8 35. Ra7 Qe8 36. Bc2 Be5 37. Qh6 Qg8+ 38. Kh1 Rb6 39. Qh5 Bf4 40. Ng4 Nc7 41. Ne5 Qg7 42. Ng4 Rg6 43. h3 Qc3 44. Ra2 Qf3+ 45. Kg1 Qe2 46. Bxe4 Qxe4 47. Ra1 Qxd5 48. Qxd5 Nxd5 49. Kf1 h5 50. Ra5 hxg4 51. Rxd5 gxh3 52. Rh5+ Rh6 53. Rxh6+ Bxh6 54. Kg1 1/2-1/2

[Event "MTN Selection"]
[Site "Nouakchott"]
[Date "2014.03.20"]
[Round "3"]
[White "Haroun, Ishagh"]
[Black "Ahmed El Bechir, Mohamedou"]
[Result "0-1"]
[WhiteElo "1876"]
[BlackElo "1804"]
[PlyCount "60"]
[EventDate "2014.03.18"]
[EventType "tourn"]
[EventRounds "9"]
[EventCountry "MAU"]
[SourceTitle "EXT 2018"]
[Source "ChessBase"]
[SourceDate "2017.10.13"]
[SourceVersion "1"]
[SourceVersionDate "2017.10.13"]
[SourceQuality "1"]

1. d4 Nf6 2. Nf3 d5 3. c4 c6 4. Bg5 dxc4 5. e3 Qa5+ 6. Qd2 Qxd2+ 7. Nbxd2 b5 8. a4 Bb7 9. g3 Nbd7 10. Bg2 e6 11. 0-0 h6 12. Bf4 Nd5 13. Ne5 Nxe5 14. Bxe5 f6 15. Bf4 g5 16. Bxd5 exd5 17. Bc7 Bb4 18. Nb1 Kd7 19. axb5 Kxc7 20. bxc6 Bxc6 21. Nc3 Bxc3 22. bxc3 a5 23. f4 g4 24. f5 a4 25. Kf2 Rab8 26. e4 Rb2+ 27. Ke3 dxe4 28. h3 Rg2 29. Kf4 gxh3 30. Rh1 h2 0-1

[Event "MTN Selection"]
[Site "Nouakchott"]
[Date "2014.03.18"]
[Round "1"]
[White "Dieh, Mohamed"]
[Black "Ahmed El Bechir, Mohamedou"]
[Result "1/2-1/2"]
[WhiteElo "1971"]
[BlackElo "1804"]
[PlyCount "47"]
[EventDate "2014.03.18"]
[EventType "tourn"]
[EventRounds "9"]
[EventCountry "MAU"]
[SourceTitle "EXT 2018"]
[Source "ChessBase"]
[SourceDate "2017.10.13"]
[SourceVersion "1"]
[SourceVersionDate "2017.10.13"]
[SourceQuality "1"]

1. e4 e6 2. Nf3 d5 3. exd5 exd5 4. d4 Bd6 5. Bd3 Ne7 6. 0-0 0-0 7. Be3 Bf5 8. Re1 Nd7 9. Nc3 c6 10. Bg5 f6 11. Bh4 Bg4 12. Qe2 Qc7 13. Bg3 Bxg3 14. fxg3 Rae8 15. Qf2 Qb6 16. Rab1 Nc8 17. h3 Bxf3 18. gxf3 Rxe1+ 19. Rxe1 Qc7 20. Qg2 Nd6 21. Re7 Nc8 22. Re1 Nd6 23. Re7 Nc8 24. Re1 1/2-1/2

[Event "MAU-ch"]
[Site "Nouadhibou"]
[Date "2014.01.02"]
[Round "9"]
[White "Haroun, Ishagh"]
[Black "Ahmed El Bechir, Mohamedou"]
[Result "1-0"]
[WhiteElo "1685"]
[BlackElo "1785"]
[PlyCount "119"]
[EventDate "2013.12.28"]
[EventType "swiss"]
[EventRounds "11"]
[EventCountry "MAU"]
[SourceTitle "CBM 158 Extra"]
[Source "ChessBase"]
[SourceDate "2014.02.28"]
[SourceVersion "1"]
[SourceVersionDate "2014.02.28"]
[SourceQuality "1"]

1. b4 e5 2. Bb2 e4 3. c4 Nf6 4. a3 a5 5. b5 Bc5 6. e3 d6 7. Qc2 Bf5 8. Ne2 h6 9. Ng3 Bg6 10. Nc3 Nbd7 11. Be2 Qe7 12. d4 exd3 13. Bxd3 Bxd3 14. Qxd3 Ne5 15. Qe2 Qe6 16. Nce4 Nxe4 17. Nxe4 Qxc4 18. Bxe5 Qxe4 19. Bxg7 Rh7 20. f3 Qxe3 21. Qxe3+ Bxe3 22. Bc3 f5 23. g3 Re7 24. Kf1 Bb6 25. Kg2 Re2+ 26. Kh3 0-0-0 27. Rhe1 Rde8 28. Rxe2 Rxe2 29. Re1 Rxe1 30. Bxe1 Bc5 31. Bxa5 Bg1 32. Bd2 Bd4 33. Kg2 h5 34. h3 Bb2 35. a4 b6 36. g4 fxg4 37. hxg4 hxg4 38. fxg4 Kd7 39. Kf3 d5 40. Kf4 c5 41. bxc6+ Kxc6 42. Bb4 Kd7 43. Bd2 Ke6 44. Be3 Be5+ 45. Kf3 d4 46. Bf4 Bf6 47. Bc7 Kd5 48. Bxb6 Kc4 49. Ke2 Kb3 50. Kd3 Kxa4 51. Bxd4 Bg5 52. Ke4 Kb5 53. Be5 Kc6 54. Kf5 Bh4 55. Bf6 Be1 56. g5 Bd2 57. g6 Bh6 58. Ke6 Kc5 59. Kf7 Kd5 60. Bg5 1-0

[Event "MAU-ch"]
[Site "Nouadhibou"]
[Date "2014.01.01"]
[Round "7"]
[White "Ahmed El Bechir, Mohamedou"]
[Black "Hemam, Moulaye Brahim"]
[Result "0-1"]
[WhiteElo "1785"]
[BlackElo "2077"]
[PlyCount "144"]
[EventDate "2013.12.28"]
[EventType "swiss"]
[EventRounds "11"]
[EventCountry "MAU"]
[SourceTitle "CBM 158 Extra"]
[Source "ChessBase"]
[SourceDate "2014.02.28"]
[SourceVersion "1"]
[SourceVersionDate "2014.02.28"]
[SourceQuality "1"]

1. e4 c5 2. Nf3 Nc6 3. d4 cxd4 4. Nxd4 Nf6 5. Nc3 e5 6. Ndb5 d6 7. Bg5 a6 8. Na3 b5 9. Nd5 Be7 10. Bxf6 Bxf6 11. c3 Bg5 12. Nc2 0-0 13. Nce3 Be6 14. Bd3 Ne7 15. Bc2 Bxe3 16. Nxe3 g6 17. Bb3 Qd7 18. 0-0 Rfd8 19. Re1 Rac8 20. Re2 Bxb3 21. axb3 Qc6 22. Nd5 Nxd5 23. Qxd5 Qxd5 24. exd5 Rc5 25. Rd2 Ra8 26. b4 Rc7 27. f3 f5 28. Rdd1 Kf7 29. Ra2 Kf6 30. Rda1 Rca7 31. Kf2 Ke7 32. b3 Kd7 33. c4 bxc4 34. bxc4 Rc7 35. Rc2 Rac8 36. Rac1 Rb8 37. Rb1 Rcb7 38. Rcb2 a5 39. b5 Kc7 40. Ke3 Kb6 41. Ra2 Rc8 42. Kd3 Re7 43. Rba1 Ra8 44. Ke3 g5 45. h4 gxh4 46. Rh1 Rc8 47. Rxh4 e4 48. Kd4 exf3 49. gxf3 Re1 50. Rc2 Rd1+ 51. Ke3 Rxd5 52. Rxh7 Rxb5 53. Kd4 Rbc5 54. Rb2+ Ka6 55. Rc2 d5 56. Rb2 dxc4 57. Rbb7 c3 58. Ra7+ Kb5 59. Rab7+ Ka4 60. Rh1 Rc4+ 61. Kd3 Rb4 62. Ra1+ Kb3 63. Ra7 Rd8+ 64. Ke3 f4+ 65. Ke2 Rd2+ 66. Ke1 a4 67. Rc7 Rh2 68. Rb1+ Rb2 69. Rc1 Rc2 70. Rb1+ Ka3 71. Rb7 Rxb1+ 72. Rxb1 Rh2 0-1

[Event "Nouakchott zt 4.1"]
[Site "Nouakchott"]
[Date "2013.03.30"]
[Round "2"]
[White "Ahmed El Bechir, Mohamedou"]
[Black "Sabar, Ethmane Daouda"]
[Result "0-1"]
[WhiteElo "1763"]
[BlackElo "1987"]
[PlyCount "102"]
[EventDate "2013.03.29"]
[EventType "swiss"]
[EventRounds "9"]
[EventCountry "MAU"]
[SourceTitle "EXT 2015"]
[Source "ChessBase"]
[SourceDate "2014.11.20"]
[SourceVersion "1"]
[SourceVersionDate "2014.11.20"]
[SourceQuality "1"]

1. e4 c5 2. Nf3 d6 3. d4 cxd4 4. Nxd4 Nf6 5. Nc3 a6 6. Be2 e5 7. Nb3 Be6 8. 0-0 Nbd7 9. f4 Qc7 10. Be3 exf4 11. Bxf4 Ne5 12. Kh1 Ng6 13. Bg5 Be7 14. Nd4 0-0 15. Nf5 Bxf5 16. exf5 Ne5 17. Bxf6 Bxf6 18. Nd5 Qd8 19. Nxf6+ Qxf6 20. Qd5 Rac8 21. c3 Rc6 22. Rad1 Rb6 23. Rd2 Rc8 24. Qd4 Nd7 25. Qf4 Qe5 26. Qf2 Qc5 27. Qf3 Ne5 28. Qe4 f6 29. Rfd1 Kf8 30. Bh5 Qc4 31. Qe3 Qc5 32. Qe4 Qc4 33. Rd4 Qxa2 34. Rxd6 Rxd6 35. Qb4 Nc4 36. Rxd6 Nxd6 37. Qxd6+ Kg8 38. Qe6+ Qxe6 39. fxe6 Kf8 40. Bf3 Rc7 41. Kg1 Ke7 42. Bd5 b5 43. Kf2 Rc5 44. Bb3 Re5 45. c4 b4 46. Bc2 g6 47. Kf3 Kxe6 48. b3 Kd6 49. Be4 Rc5 50. g4 Ke5 51. Bb7 a5 0-1

[Event "Nouakchott op 4th"]
[Site "Nouakchott"]
[Date "2012.10.20"]
[Round "7"]
[White "Ahmed El Bechir, Mohamedou"]
[Black "Kreiked, Aly Moctar"]
[Result "0-1"]
[WhiteElo "1774"]
[BlackElo "1833"]
[PlyCount "60"]
[EventDate "2012.10.18"]
[EventType "swiss"]
[EventRounds "7"]
[EventCountry "MAU"]
[SourceTitle "EXT 2014"]
[Source "ChessBase"]
[SourceDate "2013.11.20"]
[SourceVersion "1"]
[SourceVersionDate "2013.11.20"]
[SourceQuality "1"]

1. e4 e5 2. Nf3 Nc6 3. Bc4 Bc5 4. c3 Nf6 5. d3 h6 6. b4 Bd6 7. Nh4 Ne7 8. Na3 c6 9. Nc2 Bc7 10. Nf3 d5 11. exd5 cxd5 12. Bb3 0-0 13. 0-0 Qd6 14. b5 Re8 15. Ba3 Qd8 16. h3 Ng6 17. Bc1 Be6 18. Ba4 Bb6 19. Be3 Rc8 20. Qe1 e4 21. dxe4 Nxe4 22. Bd4 Bxd4 23. cxd4 Nc3 24. Bb3 Bxh3 25. Ne3 Bxg2 26. Kxg2 Nf4+ 27. Kh1 Qd7 28. Rg1 Qh3+ 29. Nh2 Nce2 30. Rf1 Rxe3 0-1

[Event "Nouakchott op 4th"]
[Site "Nouakchott"]
[Date "2012.10.19"]
[Round "2"]
[White "Ahmed El Bechir, Mohamedou"]
[Black "Oubeid, Beder"]
[Result "1-0"]
[WhiteElo "1774"]
[BlackElo "1797"]
[PlyCount "73"]
[EventDate "2012.10.18"]
[EventType "swiss"]
[EventRounds "7"]
[EventCountry "MAU"]
[SourceTitle "EXT 2014"]
[Source "ChessBase"]
[SourceDate "2013.11.20"]
[SourceVersion "1"]
[SourceVersionDate "2013.11.20"]
[SourceQuality "1"]

1. e4 g6 2. Nf3 Bg7 3. d4 Nc6 4. Bc4 e5 5. Bg5 f6 6. Be3 exd4 7. Nxd4 Nxd4 8. Bxd4 Ne7 9. Nc3 Nc6 10. Be3 Ne5 11. Bb3 d6 12. f3 Bd7 13. f4 Ng4 14. Qd5 Qe7 15. Qxb7 Nxe3 16. Qxa8+ Qd8 17. Qxd8+ Kxd8 18. Kf2 Ng4+ 19. Kf3 f5 20. Rad1 fxe4+ 21. Nxe4 Re8 22. h3 Nh6 23. g4 Bxb2 24. c3 Ba3 25. Bd5 c6 26. Bb3 d5 27. Nf6 Re7 28. Nxd7 Rxd7 29. Rhe1 Nf7 30. Re6 Nd6 31. h4 Rf7 32. c4 dxc4 33. Bxc4 Kc7 34. Rexd6 Rxf4+ 35. Kxf4 Bxd6+ 36. Rxd6 Kxd6 37. Kg5 1-0

[Event "Nouakchott op 4th"]
[Site "Nouakchott"]
[Date "2012.10.19"]
[Round "4"]
[White "Baya, Ahmed"]
[Black "Ahmed El Bechir, Mohamedou"]
[Result "0-1"]
[WhiteElo "1752"]
[BlackElo "1774"]
[PlyCount "74"]
[EventDate "2012.10.18"]
[EventType "swiss"]
[EventRounds "7"]
[EventCountry "MAU"]
[SourceTitle "EXT 2014"]
[Source "ChessBase"]
[SourceDate "2013.11.20"]
[SourceVersion "1"]
[SourceVersionDate "2013.11.20"]
[SourceQuality "1"]

1. e4 e5 2. Nf3 Nc6 3. Bc4 Nf6 4. 0-0 Nxe4 5. d4 d5 6. Bb5 exd4 7. Nxd4 Bd7 8. Bxc6 bxc6 9. f3 Nf6 10. Re1+ Be7 11. Qe2 c5 12. Nb3 Be6 13. Bg5 0-0 14. Nc3 h6 15. h4 hxg5 16. hxg5 Nh5 17. g4 Nf4 18. Qh2 Bd6 19. Nb5 Qxg5 20. Nxd6 cxd6 21. Kf2 Rae8 22. Rh1 f6 23. Rae1 Kf7 24. Na5 Bd7 25. Kg3 Rxe1 26. Rxe1 Re8 27. Rxe8 Bxe8 28. Nb7 Ke6 29. Qd2 Qe5 30. Nd8+ Ke7 31. Nb7 Nh5+ 32. Kf2 Qg3+ 33. Ke3 Qf4+ 34. Kd3 Bb5+ 35. c4 Qxc4+ 36. Ke3 d4+ 37. Ke4 Qe6# 0-1

[Event "Nouakchott op 3rd"]
[Site "Nouakchott"]
[Date "2012.09.27"]
[Round "1"]
[White "Ahmed El Bechir, Mohamedou"]
[Black "Sabar, Ethmane Daouda"]
[Result "0-1"]
[WhiteElo "1774"]
[BlackElo "1997"]
[PlyCount "44"]
[EventDate "2012.09.27"]
[EventType "swiss"]
[EventRounds "7"]
[EventCountry "MAU"]
[SourceTitle "EXT 2014"]
[Source "ChessBase"]
[SourceDate "2013.11.20"]
[SourceVersion "1"]
[SourceVersionDate "2013.11.20"]
[SourceQuality "1"]

1. e4 c5 2. Nf3 Nc6 3. d4 cxd4 4. Nxd4 Nf6 5. Nc3 e5 6. Ndb5 d6 7. Bg5 a6 8. Bxf6 gxf6 9. Na3 f5 10. Qh5 d5 11. 0-0-0 Bxa3 12. Rxd5 Qe7 13. Bc4 Qb4 14. Rc5 Bxb2+ 15. Kd1 Qxc5 16. Qxf7+ Kd8 17. Nd5 Ne7 18. Qf6 Re8 19. Nb6 Rb8 20. Ke2 Kc7 21. Bf7 Qxc2+ 22. Kf3 Qxe4+ 0-1

[Event "Nouakchott op 1st"]
[Site "Nouakchott"]
[Date "2012.06.09"]
[Round "5"]
[White "Boydia, Sidi"]
[Black "Ahmed El Bechir, Mohamedou"]
[Result "1-0"]
[WhiteElo "2002"]
[BlackElo "1797"]
[PlyCount "57"]
[EventDate "2012.06.06"]
[EventType "swiss"]
[EventRounds "7"]
[EventCountry "MAU"]
[SourceTitle "EXT 2022"]
[Source "ChessBase"]
[SourceDate "2021.10.06"]
[SourceVersion "1"]
[SourceVersionDate "2021.10.06"]
[SourceQuality "1"]

1. e4 e5 2. Nc3 Nf6 3. f4 exf4 4. e5 Ng8 5. Nf3 g5 6. d4 g4 7. Bc4 b5 8. Nxb5 Bb7 9. Bxf4 gxf3 10. 0-0 Bh6 11. Rxf3 a6 12. Bg3 Be3+ 13. Rxe3 axb5 14. Bxf7+ Kxf7 15. Qh5+ Ke6 16. Qg4+ Kd5 17. Qe4+ Ke6 18. d5+ Bxd5 19. Qg4+ Ke7 20. Bh4+ Ke8 21. Bxd8 Kxd8 22. Qg7 Nh6 23. Qxh8+ Ke7 24. Qf6+ Ke8 25. Rf1 Nf7 26. Rg3 d6 27. e6 Bxe6 28. Qxe6+ Kd8 29. Rg8# 1-0